00810nam a2200301Ia 4500008004000000020001800040041000800058082001300066100002000079245007100099260002900170300000800199650000700207650000800214650001000222650001100232650000700243650001300250650001200263650001500275650001000290650000800300650001400308690001400322906001100336999001900347952014200366210210b2010 xxu||||| |||| 00| 0 eng d a9781408802885 aeng a572 ROBI aROBERTS (Alice) aIncredible human journey: the story of how we colonised the planet aLondonbBloomsburyc2010 a376 awe athe astory aplanet aof ajourney: ajourney aIncredible ahuman ahow acolonised aEvolution a065070 c142794d142794 001040708ZoologyaALbALcBiologyd2021-02-17eAthulya Books, Kannurg599.00l0o572 ROBIp065070r2021-02-17 00:00:00w2021-02-17yBK